HiPs (Record no. 78188)

MARC details
000 -LEADER
fixed length control field 01210cab a2200229 4500
001 - CONTROL NUMBER
control field ##L136199
008 - FIXED-LENGTH DATA ELEMENTS--GENERAL INFORMATION
fixed length control field 070117n2007 000 0 eng u
035 ## - SYSTEM CONTROL NUMBER
System control number (Sirsi) u136199
041 0# - LANGUAGE CODE
Language code of text/sound track or separate title eng
100 1# - MAIN ENTRY--PERSONAL NAME
Personal name Forrest, Jeffrey
245 00 - TITLE STATEMENT
Title HiPs
Remainder of title so far
260 ## - PUBLICATION, DISTRIBUTION, ETC.
Date of publication, distribution, etc. 2007
490 #0 - SERIES STATEMENT
Series statement Solicitors' Journal
Volume/sequential designation 151(1) 5 January 2007, 7-8(2)
520 ## - SUMMARY, ETC.
Summary, etc. Provides an update on Home Information Packs (HIPs). Explains the background to HIPs and the reasons for improving the conveyancing system. Discusses the impact of government dropping mandatory home condition reports from HIPs, and suggests this has removed the logical justification for HIPs. Looks at the take up of HIPs in the pilot schemes and highlights concerns over the objectivity of the pilots. Also points to gaps and ambiguities in the Home Information Pack Regulations 2006 and considers what the real cost of HIPs will be.
590 ## - LOCAL NOTE (RLIN)
Local note KA
650 24 - SUBJECT ADDED ENTRY--TOPICAL TERM
Topical term or geographic name entry element HOME INFORMATION PACK REGULATIONS 2006
650 24 - SUBJECT ADDED ENTRY--TOPICAL TERM
Topical term or geographic name entry element HOUSING ACT 2004 PART V
650 24 - SUBJECT ADDED ENTRY--TOPICAL TERM
Topical term or geographic name entry element HOME INFORMATION PACKS
651 #4 - SUBJECT ADDED ENTRY--GEOGRAPHIC NAME
Geographic name England and Wales
Chronological subdivision 1543-
690 ## - LOCAL SUBJECT ADDED ENTRY--TOPICAL TERM (OCLC, RLIN)
Topical term or geographic name as entry element PROPERTY-RESIDENTIAL PROPERTY-ACQUISITION AND DISPOSAL OF RESIDENTIAL PROPERTY-HOME BUYING REFORM
942 ## - ADDED ENTRY ELEMENTS (KOHA)
Suppress in OPAC 0
Holdings
Withdrawn status Lost status Source of classification or shelving scheme Damaged status Not for loan Home library Current library Shelving location Date acquired Total Checkouts Full call number Barcode Date last seen Copy number Price effective from Koha item type
    Dewey Decimal Classification     London London Journal article 17/01/2007   L136199 136199-1001 06/08/2019 1 06/08/2019 Journal article